New headway english course Intermediate teacher's book

Gespeichert in:
Bibliographische Detailangaben
1. Verfasser: Soars, Liz
Weitere Verfasser: Soars, John
Format: Buch
Sprache:English
Veröffentlicht: New York Oxford University Press 1996
Schlagworte:
Tags: Tag hinzufügen
Keine Tags, Fügen Sie den ersten Tag hinzu!
Thư viện lưu trữ: Trung tâm Học liệu Lê Vũ Hùng, Trường Đại học Đồng Tháp
LEADER 00864pam a22002778a 4500
001 00025170
005 20171026081023.0
008 110731s1996 ||||||engsd
020 # # |a 0194702243 
041 0 # |a eng 
082 1 4 |a 428  |b N200W 
100 1 # |a Soars, Liz 
245 1 0 |a New headway english course  |b Intermediate teacher's book  |c Liz & John Soars 
260 # # |a New York  |b Oxford University Press  |c 1996 
300 # # |a 158 p.  |b ill.  |c 28 cm. 
650 # 4 |a Bài tập 
650 # 4 |a Tiếng anh 
650 # 4 |a sách giáo viên 
700 1 # |a Soars, John 
852 # # |b Kho giáo trình  |j KGT.0033321 
852 # # |b Kho mượn  |j KGT.0033321 
852 # # |b Kho đọc  |j KD.0008838 
852 # # |j KD.0008838  |j KGT.0033321 
910 0 # |a Ntuyet  |d 31/07/2011 
980 # # |a Trung tâm Học liệu Lê Vũ Hùng, Trường Đại học Đồng Tháp